000 00429nam a2200169Ia 4500
001 25317
003 IN-NITTTR
005 20251114233321.0
008 251113s9999||||xx |||||||||||||| ||eng||
040 _beng
040 _cIN-NITTTR
041 _aeng
082 _a621.392 Y12I
100 _aYalamanchili, Sudhakar
245 0 _aIntroductory VHDL :
_b from simulation to synthesis /
_cYalamanchili, Sudhakar
942 _2ddc
_cBK
999 _c27946
_d27946